• 首页
  • 本馆介绍
  • 公告通知
  • 最新文献
  • 馆藏检索
  • 电子资源
  • 读者导购
  • 参考咨询
  • 我的图书馆
  • 登录
  • 详细信息显示
  • 放入我的书架
  • 预约/预借图书
  • 作者相关作品
  • 分类相关作品
  • 丛书相关作品
  • 出版社相关作品

书目信息

  • 表格格式
  • 工作单格式
  • 卡片格式
题名:
测量电子电路设计
    
 
作者: 远坂俊昭 著 ;彭军 译
分册:   滤波器篇
出版信息: 北京   科学出版社  2006
页数: 260页
开本: 24cm
丛书名: 图解实用电子技术丛书
单 册:
中图分类: TN702 , TN713
科图分类:
主题词: 电子电路--电路设计 , 滤波器--电子电路--电路设计 , 电子电路 , 电路设计 , 滤波器
电子资源:
ISBN: 7-03-017182-9
000 01447oam2 2200349 450
001 003198619
005 20070805112312.62
010    @a7-03-017182-9@dCNY38.00
035    @a003198619
100    @a20060529e20072006em y0chiy0110 ea
101 1  @achi@cjpn
102    @aCN@b110000
105    @aa z 000yy
106    @ar
200 1  @a测量电子电路设计@Ace liang dian zi dian lu she ji@i滤波器篇@Ilu^ bo qi pian@e从滤波器设计到锁相放大器的应用@Econg lu^ bo qi she ji dao suo xiang fang da qi de ying yong@f(日)远坂俊昭著@F( ri ) yuan ban jun zhao zhu@g彭军译@Gpeng jun yi
210    @a北京@c科学出版社@d2006@h2007重印
215    @a260页@c图@d24cm
225 2  @a图解实用电子技术丛书@Atu jie shi yong dian zi ji shu cong shu
330    @a本书主要介绍如何从放大的信号中除去有害噪声,提取有用信号的滤波技术。书中介绍处理低频信号所必需的RC滤波器、有源滤波器、LC滤波器,以及低频滤波器中能够实现极限Q值的锁相放大器的设计方法等。
461  0 @1001003066906@12001 @a图解实用电子技术丛书
517 1  @a从滤波器设计到锁相放大器的应用@Acong lu bo qi she ji dao suo xiang fang da qi de ying yong
606 0  @a电子电路@x电路设计
606 0  @a滤波器@x电子电路@x电路设计
606 0  @a电子电路
606 0  @a电路设计
606 0  @a滤波器
690    @aTN702@v4
690    @aTN713@v4
701  0 @c(日)@a远坂俊昭@Ayuan ban jun zhao@f(1949~)@4著
702  0 @a彭军@Apeng jun@f(1943~)@4译
801  0 @aCN@bNLC@c20070805
905    @dTN702@e241@f5
    
    测量电子电路设计.滤波器篇:从滤波器设计到锁相放大器的应用/(日)远坂俊昭著/彭军译.-北京:科学出版社,2006(2007重印)
    260页:图;24cm.-(图解实用电子技术丛书)
    
    
    ISBN 7-03-017182-9:CNY38.00
    本书主要介绍如何从放大的信号中除去有害噪声,提取有用信号的滤波技术。书中介绍处理低频信号所必需的RC滤波器、有源滤波器、LC滤波器,以及低频滤波器中能够实现极限Q值的锁相放大器的设计方法等。
●
相关链接 在E读中查询图书 在五车中查询图书 在当当中查询图书 在豆瓣中查询图书


正题名:测量电子电路设计     索取号:TN702/241         预约/预借

序号 登录号 条形码 馆藏地/架位号 状态 备注
1 0852078   208520787   第二样本阅览室/ [索取号:TN702/241] 在馆    
2 0852079   208520796   第三借阅区/ [索取号:TN702/241] 在馆    
3 0852080   208520803   第三借阅区/ [索取号:TN702/241] 在馆    
4 0852081   208520812   第三借阅区/ [索取号:TN702/241] 在馆    
5 0852082   208520821   第三借阅区/ [索取号:TN702/241] 在馆    
唐山师范学院图书馆 欢迎您!
大连网信软件有限公司© 版权所有